| 000 | 00428nam a2200121Ia 4500 | ||
|---|---|---|---|
| 008 | 220620s9999||||xx |||||||||||||| ||und|| | ||
| 245 | 0 | _aConcepts of Semiconductor Photocatalysis | |
| 546 | _aEnglish[eng] | ||
| 650 | _aSolid state chemistry | ||
| 700 | _aRahman, Mohammed||Khan, Anish||Asiri, Abdullah||Inamuddin, Inamuddin | ||
| 856 | _uhttps://mts.intechopen.com/storage/books/7671/authors_book/authors_book.pdf | ||
| 942 | _cEB | ||
| 999 |
_c33231 _d33231 |
||